Gehri Fikrin / (Record no. 526473)
[ view plain ]
| 000 -LEADER | |
|---|---|
| fixed length control field | 00455nam a22001817a 4500 |
| 003 - CONTROL NUMBER IDENTIFIER | |
| control field | NUST |
| 005 - DATE AND TIME OF LATEST TRANSACTION | |
| control field | 20190712100746.0 |
| 038 ## - RECORD CONTENT LICENSOR | |
| Staff Name | Faiza |
| 082 ## - DEWEY DECIMAL CLASSIFICATION NUMBER | |
| Classification number | 891.4393 |
| Author Mark | TAR |
| 100 ## - MAIN ENTRY--PERSONAL NAME | |
| Personal name | Tariq, Maqbool |
| 9 (RLIN) | 17481 |
| 245 ## - TITLE STATEMENT | |
| Title | Gehri Fikrin / |
| Statement of responsibility, etc. | Maqbool Tariq |
| 260 ## - PUBLICATION, DISTRIBUTION, ETC. | |
| Place of publication, distribution, etc. | Sakhar: |
| Name of publisher, distributor, etc. | Tariq Academy, |
| Date of publication, distribution, etc. | 1981. |
| 300 ## - PHYSICAL DESCRIPTION | |
| Extent | 554p. ; |
| 500 ## - GENERAL NOTE | |
| General note | Hard Cover |
| 880 ## - ALTERNATE GRAPHIC REPRESENTATION | |
| Linkage | 100-01\r |
| Title | گہری فکریں |
| 880 ## - ALTERNATE GRAPHIC REPRESENTATION | |
| Linkage | 245-02\r |
| Title | /گہری فکریں |
| 942 ## - ADDED ENTRY ELEMENTS (KOHA) | |
| Source of classification or shelving scheme | |
| Koha item type | Book |
| Withdrawn status | Lost status | Source of classification or shelving scheme | Damaged status | Not for loan | Permanent Location | Current Location | Date acquired | Total Checkouts | Full call number | Barcode | Date last seen | Price effective from | Koha item type |
|---|---|---|---|---|---|---|---|---|---|---|---|---|---|
| Central Library (CL) | Central Library (CL) | 07/12/2019 | 891.4393 TAR | CL-E-1475 | 07/12/2019 | 07/12/2019 | Book |
